01429nab a22002537a 4500999001500000003000400015005001700019008004100036040000700077100003000084245009300114260007300207300001300280500004400293505043200337505009000769650002200859650002400881650003600905650003800941650004500979773013801024942001301162 c5385d5385OSt20250307102811.0190603e xxum|||| |||| 00| 0 spa d cPJ 95094aMelo, Verónica E.13aLa inflación y sus efectos sobre la obligación del asegurador /cVerónica E. Melo. cCiudad Autónoma de Buenos Aires :aThomson Reuters La Ley, b2024. ap. 27-36 aCita Online: TR LALEY AR/DOC/951/2024.  aSumario: I. Introducción.— II. Efectos de la inflación sobre las relaciones jurídicas y las respuestas jurisprudenciales.— III. Obligaciones de dinero y de valor: su aplicación a la obligación del asegurador.— IV. El impacto de la inflación en el contrato de seguro y las pólizas de seguro.— V. La interpretación de la Corte Suprema de Justicia Nacional de la prohibición de indexar.— VI. Colofón. t¿Te interesa el texto completo? Solicitalo al correo: koha@justierradelfuego.gov.ar  094601aINFLACIÓN 091382aINDEMNIZACION 093790aACTUALIZACIÓN MONETARIA 095480aOBLIGACIONES DEL ASEGURADOR 09530aOBLIGACIONES DE DAR SUMAS DE DINERO0 0271393170dCiudad Autónoma de Buenos Aires : Thomson Reuters La Ley, 2015-tRevista Código Civil y Comercial. Nº 3 - Junio 2024 2udccANA